2019 College Football AP Poll - Statistics

General Stats
  • This quiz has been taken 119 times
  • The average score is 319 of 427
Answer Stats
Week Rank Team W L Conference % Correct
Preseason 2 Alabama 0 0 SEC
98%
Week 1 (9/3) 2 Alabama 1 0 SEC
98%
Week 2 (9/8) 2 Alabama 2 0 SEC
98%
Week 3 (9/15) 2 Alabama 3 0 SEC
98%
Week 4 (9/22) 2 Alabama 4 0 SEC
98%
Week 5 (9/29) 1 Alabama 5 0 SEC
98%
Week 6 (10/6) 1 Alabama 5 0 SEC
98%
Week 7 (10/13) 1 Alabama 6 0 SEC
98%
Week 8 (10/20) 1 Alabama 7 0 SEC
98%
Week 9 (10/27) 2 Alabama 8 0 SEC
98%
Week 10 (11/3) 2 Alabama 8 0 SEC
98%
Week 11 (11/10) 4 Alabama 8 1 SEC
98%
Week 12 (11/17) 5 Alabama 9 1 SEC
98%
Week 13 (11/24) 5 Alabama 10 1 SEC
98%
Week 14 (12/1) 9 Alabama 10 2 SEC
98%
Week 15 (12/8) 9 Alabama 10 2 SEC
98%
Postseason 8 Alabama 11 2 SEC
98%
Preseason 1 Clemson 0 0 ACC
95%
Week 1 (9/3) 1 Clemson 1 0 ACC
95%
Week 2 (9/8) 1 Clemson 2 0 ACC
95%
Week 3 (9/15) 1 Clemson 3 0 ACC
95%
Week 4 (9/22) 1 Clemson 4 0 ACC
95%
Week 5 (9/29) 2 Clemson 5 0 ACC
95%
Week 6 (10/6) 2 Clemson 5 0 ACC
95%
Week 7 (10/13) 3 Clemson 6 0 ACC
95%
Week 8 (10/20) 4 Clemson 7 0 ACC
95%
Week 9 (10/27) 4 Clemson 8 0 ACC
95%
Week 10 (11/3) 4 Clemson 9 0 ACC
95%
Week 11 (11/10) 3 Clemson 10 0 ACC
95%
Week 12 (11/17) 3 Clemson 11 0 ACC
95%
Week 13 (11/24) 3 Clemson 11 0 ACC
95%
Week 14 (12/1) 3 Clemson 12 0 ACC
95%
Week 15 (12/8) 3 Clemson 13 0 ACC
95%
Postseason 2 Clemson 14 1 ACC
95%
Preseason 5 Ohio State 0 0 Big Ten
95%
Week 1 (9/3) 5 Ohio State 1 0 Big Ten
95%
Week 2 (9/8) 6 Ohio State 2 0 Big Ten
95%
Week 3 (9/15) 6 Ohio State 3 0 Big Ten
95%
Week 4 (9/22) 5 Ohio State 4 0 Big Ten
95%
Week 5 (9/29) 4 Ohio State 5 0 Big Ten
95%
Week 6 (10/6) 3 Ohio State 6 0 Big Ten
95%
Week 7 (10/13) 4 Ohio State 6 0 Big Ten
95%
Week 8 (10/20) 3 Ohio State 7 0 Big Ten
95%
Week 9 (10/27) 3 Ohio State 8 0 Big Ten
95%
Week 10 (11/3) 3 Ohio State 8 0 Big Ten
95%
Week 11 (11/10) 2 Ohio State 9 0 Big Ten
95%
Week 12 (11/17) 2 Ohio State 10 0 Big Ten
95%
Week 13 (11/24) 2 Ohio State 11 0 Big Ten
95%
Week 14 (12/1) 2 Ohio State 12 0 Big Ten
95%
Week 15 (12/8) 2 Ohio State 13 0 Big Ten
95%
Postseason 3 Ohio State 13 1 Big Ten
95%
Preseason 3 Georgia 0 0 SEC
94%
Week 1 (9/3) 3 Georgia 1 0 SEC
94%
Week 2 (9/8) 3 Georgia 2 0 SEC
94%
Week 3 (9/15) 3 Georgia 3 0 SEC
94%
Week 4 (9/22) 3 Georgia 4 0 SEC
94%
Week 5 (9/29) 3 Georgia 4 0 SEC
94%
Week 6 (10/6) 3 Georgia 5 0 SEC
94%
Week 7 (10/13) 10 Georgia 5 1 SEC
94%
Week 8 (10/20) 10 Georgia 6 1 SEC
94%
Week 9 (10/27) 8 Georgia 6 1 SEC
94%
Week 10 (11/3) 6 Georgia 7 1 SEC
94%
Week 11 (11/10) 5 Georgia 8 1 SEC
94%
Week 12 (11/17) 4 Georgia 9 1 SEC
94%
Week 13 (11/24) 4 Georgia 10 1 SEC
94%
Week 14 (12/1) 4 Georgia 11 1 SEC
94%
Week 15 (12/8) 5 Georgia 11 2 SEC
94%
Postseason 4 Georgia 12 2 SEC
94%
Preseason 6 LSU 0 0 SEC
94%
Week 1 (9/3) 6 LSU 1 0 SEC
94%
Week 2 (9/8) 4 LSU 2 0 SEC
94%
Week 3 (9/15) 4 LSU 3 0 SEC
94%
Week 4 (9/22) 4 LSU 4 0 SEC
94%
Week 5 (9/29) 5 LSU 4 0 SEC
94%
Week 6 (10/6) 5 LSU 5 0 SEC
94%
Week 7 (10/13) 2 LSU 6 0 SEC
94%
Week 8 (10/20) 2 LSU 7 0 SEC
94%
Week 9 (10/27) 1 LSU 8 0 SEC
94%
Week 10 (11/3) 1 LSU 8 0 SEC
94%
Week 11 (11/10) 1 LSU 9 0 SEC
94%
Week 12 (11/17) 1 LSU 10 0 SEC
94%
Week 13 (11/24) 1 LSU 11 0 SEC
94%
Week 14 (12/1) 1 LSU 12 0 SEC
94%
Week 15 (12/8) 1 LSU 13 0 SEC
94%
Postseason 1 LSU 15 0 SEC
94%
Preseason 7 Michigan 0 0 Big Ten
92%
Week 1 (9/3) 7 Michigan 1 0 Big Ten
92%
Week 2 (9/8) 10 Michigan 2 0 Big Ten
92%
Week 3 (9/15) 11 Michigan 2 0 Big Ten
92%
Week 4 (9/22) 20 Michigan 2 1 Big Ten
92%
Week 5 (9/29) 19 Michigan 3 1 Big Ten
92%
Week 6 (10/6) 16 Michigan 4 1 Big Ten
92%
Week 7 (10/13) 16 Michigan 5 1 Big Ten
92%
Week 8 (10/20) 19 Michigan 5 2 Big Ten
92%
Week 9 (10/27) 14 Michigan 6 2 Big Ten
92%
Week 10 (11/3) 14 Michigan 7 2 Big Ten
92%
Week 11 (11/10) 14 Michigan 7 2 Big Ten
92%
Week 12 (11/17) 12 Michigan 8 2 Big Ten
92%
Week 13 (11/24) 10 Michigan 9 2 Big Ten
92%
Week 14 (12/1) 17 Michigan 9 3 Big Ten
92%
Week 15 (12/8) 17 Michigan 9 3 Big Ten
92%
Postseason 18 Michigan 9 4 Big Ten
92%
Preseason 4 Oklahoma 0 0 Big 12
89%
Week 1 (9/3) 4 Oklahoma 1 0 Big 12
89%
Week 2 (9/8) 5 Oklahoma 2 0 Big 12
89%
Week 3 (9/15) 5 Oklahoma 3 0 Big 12
89%
Week 4 (9/22) 6 Oklahoma 3 0 Big 12
89%
Week 5 (9/29) 6 Oklahoma 4 0 Big 12
89%
Week 6 (10/6) 6 Oklahoma 5 0 Big 12
89%
Week 7 (10/13) 5 Oklahoma 6 0 Big 12
89%
Week 8 (10/20) 5 Oklahoma 7 0 Big 12
89%
Week 9 (10/27) 10 Oklahoma 7 1 Big 12
89%
Week 10 (11/3) 9 Oklahoma 7 1 Big 12
89%
Week 11 (11/10) 10 Oklahoma 8 1 Big 12
89%
Week 12 (11/17) 8 Oklahoma 9 1 Big 12
89%
Week 13 (11/24) 7 Oklahoma 10 1 Big 12
89%
Week 14 (12/1) 6 Oklahoma 11 1 Big 12
89%
Week 15 (12/8) 4 Oklahoma 12 1 Big 12
89%
Postseason 7 Oklahoma 12 2 Big 12
89%
Preseason 11 Oregon 0 0 Pac-12
89%
Week 1 (9/3) 16 Oregon 0 1 Pac-12
89%
Week 2 (9/8) 15 Oregon 1 1 Pac-12
89%
Week 3 (9/15) 16 Oregon 2 1 Pac-12
89%
Week 4 (9/22) 13 Oregon 3 1 Pac-12
89%
Week 5 (9/29) 13 Oregon 3 1 Pac-12
89%
Week 6 (10/6) 13 Oregon 4 1 Pac-12
89%
Week 7 (10/13) 12 Oregon 5 1 Pac-12
89%
Week 8 (10/20) 11 Oregon 6 1 Pac-12
89%
Week 9 (10/27) 7 Oregon 7 1 Pac-12
89%
Week 10 (11/3) 7 Oregon 8 1 Pac-12
89%
Week 11 (11/10) 6 Oregon 8 1 Pac-12
89%
Week 12 (11/17) 6 Oregon 9 1 Pac-12
89%
Week 13 (11/24) 14 Oregon 9 2 Pac-12
89%
Week 14 (12/1) 13 Oregon 10 2 Pac-12
89%
Week 15 (12/8) 7 Oregon 11 2 Pac-12
89%
Postseason 5 Oregon 12 2 Pac-12
89%
Preseason 9 Notre Dame 0 0 Independent
88%
Week 1 (9/3) 8 Notre Dame 1 0 Independent
88%
Week 2 (9/8) 7 Notre Dame 1 0 Independent
88%
Week 3 (9/15) 7 Notre Dame 2 0 Independent
88%
Week 4 (9/22) 10 Notre Dame 2 1 Independent
88%
Week 5 (9/29) 9 Notre Dame 3 1 Independent
88%
Week 6 (10/6) 9 Notre Dame 4 1 Independent
88%
Week 7 (10/13) 8 Notre Dame 5 1 Independent
88%
Week 8 (10/20) 8 Notre Dame 5 1 Independent
88%
Week 9 (10/27) 16 Notre Dame 5 2 Independent
88%
Week 10 (11/3) 15 Notre Dame 6 2 Independent
88%
Week 11 (11/10) 16 Notre Dame 7 2 Independent
88%
Week 12 (11/17) 15 Notre Dame 8 2 Independent
88%
Week 13 (11/24) 15 Notre Dame 9 2 Independent
88%
Week 14 (12/1) 14 Notre Dame 10 2 Independent
88%
Week 15 (12/8) 14 Notre Dame 10 2 Independent
88%
Postseason 12 Notre Dame 11 2 Independent
88%
Preseason 8 Florida 0 0 SEC
86%
Week 1 (9/3) 11 Florida 1 0 SEC
86%
Week 2 (9/8) 9 Florida 2 0 SEC
86%
Week 3 (9/15) 9 Florida 3 0 SEC
86%
Week 4 (9/22) 9 Florida 4 0 SEC
86%
Week 5 (9/29) 10 Florida 5 0 SEC
86%
Week 6 (10/6) 7 Florida 6 0 SEC
86%
Week 7 (10/13) 9 Florida 6 1 SEC
86%
Week 8 (10/20) 7 Florida 7 1 SEC
86%
Week 9 (10/27) 6 Florida 7 1 SEC
86%
Week 10 (11/3) 10 Florida 7 2 SEC
86%
Week 11 (11/10) 11 Florida 8 2 SEC
86%
Week 12 (11/17) 10 Florida 9 2 SEC
86%
Week 13 (11/24) 8 Florida 9 2 SEC
86%
Week 14 (12/1) 7 Florida 10 2 SEC
86%
Week 15 (12/8) 6 Florida 10 2 SEC
86%
Postseason 6 Florida 11 2 SEC
86%
Preseason 15 Penn State 0 0 Big Ten
86%
Week 1 (9/3) 15 Penn State 1 0 Big Ten
86%
Week 2 (9/8) 13 Penn State 2 0 Big Ten
86%
Week 3 (9/15) 13 Penn State 3 0 Big Ten
86%
Week 4 (9/22) 12 Penn State 3 0 Big Ten
86%
Week 5 (9/29) 12 Penn State 4 0 Big Ten
86%
Week 6 (10/6) 10 Penn State 5 0 Big Ten
86%
Week 7 (10/13) 7 Penn State 6 0 Big Ten
86%
Week 8 (10/20) 6 Penn State 7 0 Big Ten
86%
Week 9 (10/27) 5 Penn State 8 0 Big Ten
86%
Week 10 (11/3) 5 Penn State 8 0 Big Ten
86%
Week 11 (11/10) 9 Penn State 8 1 Big Ten
86%
Week 12 (11/17) 9 Penn State 9 1 Big Ten
86%
Week 13 (11/24) 12 Penn State 9 2 Big Ten
86%
Week 14 (12/1) 12 Penn State 10 2 Big Ten
86%
Week 15 (12/8) 13 Penn State 10 2 Big Ten
86%
Postseason 9 Penn State 11 2 Big Ten
86%
Preseason 10 Texas 0 0 Big 12
86%
Week 1 (9/3) 9 Texas 1 0 Big 12
86%
Week 2 (9/8) 12 Texas 1 1 Big 12
86%
Week 3 (9/15) 12 Texas 2 1 Big 12
86%
Week 4 (9/22) 11 Texas 3 1 Big 12
86%
Week 5 (9/29) 11 Texas 3 1 Big 12
86%
Week 6 (10/6) 11 Texas 4 1 Big 12
86%
Week 7 (10/13) 15 Texas 4 2 Big 12
86%
Week 8 (10/20) 15 Texas 5 2 Big 12
86%
Week 11 (11/10) 22 Texas 6 3 Big 12
86%
Postseason 25 Texas 8 5 Big 12
86%
Preseason 20 Iowa 0 0 Big Ten
80%
Week 1 (9/3) 20 Iowa 1 0 Big Ten
80%
Week 2 (9/8) 19 Iowa 2 0 Big Ten
80%
Week 3 (9/15) 18 Iowa 3 0 Big Ten
80%
Week 4 (9/22) 14 Iowa 3 0 Big Ten
80%
Week 5 (9/29) 14 Iowa 4 0 Big Ten
80%
Week 6 (10/6) 17 Iowa 4 1 Big Ten
80%
Week 7 (10/13) 23 Iowa 4 2 Big Ten
80%
Week 8 (10/20) 20 Iowa 5 2 Big Ten
80%
Week 9 (10/27) 19 Iowa 6 2 Big Ten
80%
Week 10 (11/3) 18 Iowa 6 2 Big Ten
80%
Week 11 (11/10) 23 Iowa 6 3 Big Ten
80%
Week 12 (11/17) 19 Iowa 7 3 Big Ten
80%
Week 13 (11/24) 19 Iowa 8 3 Big Ten
80%
Week 14 (12/1) 18 Iowa 9 3 Big Ten
80%
Week 15 (12/8) 19 Iowa 9 3 Big Ten
80%
Postseason 15 Iowa 10 3 Big Ten
80%
Preseason 19 Wisconsin 0 0 Big Ten
80%
Week 1 (9/3) 17 Wisconsin 1 0 Big Ten
80%
Week 2 (9/8) 14 Wisconsin 2 0 Big Ten
80%
Week 3 (9/15) 13 Wisconsin 2 0 Big Ten
80%
Week 4 (9/22) 8 Wisconsin 3 0 Big Ten
80%
Week 5 (9/29) 8 Wisconsin 4 0 Big Ten
80%
Week 6 (10/6) 8 Wisconsin 5 0 Big Ten
80%
Week 7 (10/13) 6 Wisconsin 6 0 Big Ten
80%
Week 8 (10/20) 13 Wisconsin 6 1 Big Ten
80%
Week 9 (10/27) 18 Wisconsin 6 2 Big Ten
80%
Week 10 (11/3) 16 Wisconsin 6 2 Big Ten
80%
Week 11 (11/10) 15 Wisconsin 7 2 Big Ten
80%
Week 12 (11/17) 14 Wisconsin 8 2 Big Ten
80%
Week 13 (11/24) 13 Wisconsin 9 2 Big Ten
80%
Week 14 (12/1) 10 Wisconsin 10 2 Big Ten
80%
Week 15 (12/8) 11 Wisconsin 10 3 Big Ten
80%
Postseason 11 Wisconsin 10 4 Big Ten
80%
Week 2 (9/8) 24 USC 2 0 Pac-12
77%
Week 4 (9/22) 21 USC 3 1 Pac-12
77%
Week 13 (11/24) 25 USC 8 4 Pac-12
77%
Week 14 (12/1) 24 USC 8 4 Pac-12
77%
Week 15 (12/8) 22 USC 8 4 Pac-12
77%
Preseason 16 Auburn 0 0 SEC
76%
Week 1 (9/3) 10 Auburn 1 0 SEC
76%
Week 2 (9/8) 8 Auburn 2 0 SEC
76%
Week 3 (9/15) 8 Auburn 3 0 SEC
76%
Week 4 (9/22) 7 Auburn 4 0 SEC
76%
Week 5 (9/29) 7 Auburn 5 0 SEC
76%
Week 6 (10/6) 12 Auburn 5 1 SEC
76%
Week 7 (10/13) 11 Auburn 5 1 SEC
76%
Week 8 (10/20) 9 Auburn 6 1 SEC
76%
Week 9 (10/27) 11 Auburn 6 2 SEC
76%
Week 10 (11/3) 12 Auburn 7 2 SEC
76%
Week 11 (11/10) 13 Auburn 7 2 SEC
76%
Week 12 (11/17) 16 Auburn 7 3 SEC
76%
Week 13 (11/24) 16 Auburn 8 3 SEC
76%
Week 14 (12/1) 11 Auburn 9 3 SEC
76%
Week 15 (12/8) 9 Auburn 9 3 SEC
76%
Postseason 14 Auburn 9 4 SEC
76%
Preseason 12 Texas A&M 0 0 SEC
76%
Week 1 (9/3) 12 Texas A&M 1 0 SEC
76%
Week 2 (9/8) 16 Texas A&M 1 1 SEC
76%
Week 3 (9/15) 17 Texas A&M 2 1 SEC
76%
Week 4 (9/22) 23 Texas A&M 2 2 SEC
76%
Week 5 (9/29) 25 Texas A&M 3 2 SEC
76%
Week 6 (10/6) 24 Texas A&M 3 2 SEC
76%
Week 12 (11/17) 24 Texas A&M 7 3 SEC
76%
Preseason 13 Washington 0 0 Pac-12
76%
Week 1 (9/3) 14 Washington 1 0 Pac-12
76%
Week 2 (9/8) 23 Washington 1 1 Pac-12
76%
Week 3 (9/15) 22 Washington 2 1 Pac-12
76%
Week 4 (9/22) 17 Washington 3 1 Pac-12
76%
Week 5 (9/29) 15 Washington 4 1 Pac-12
76%
Week 7 (10/13) 25 Washington 5 2 Pac-12
76%
Preseason 18 Michigan State 0 0 Big Ten
74%
Week 1 (9/3) 19 Michigan State 1 0 Big Ten
74%
Week 2 (9/8) 18 Michigan State 2 0 Big Ten
74%
Week 4 (9/22) 25 Michigan State 3 1 Big Ten
74%
Week 5 (9/29) 25 Michigan State 4 1 Big Ten
74%
Preseason 14 Utah 0 0 Pac-12
74%
Week 1 (9/3) 13 Utah 1 0 Pac-12
74%
Week 2 (9/8) 11 Utah 2 0 Pac-12
74%
Week 3 (9/15) 10 Utah 3 0 Pac-12
74%
Week 4 (9/22) 19 Utah 3 1 Pac-12
74%
Week 5 (9/29) 17 Utah 4 1 Pac-12
74%
Week 6 (10/6) 15 Utah 4 1 Pac-12
74%
Week 7 (10/13) 13 Utah 5 1 Pac-12
74%
Week 8 (10/20) 12 Utah 6 1 Pac-12
74%
Week 9 (10/27) 9 Utah 7 1 Pac-12
74%
Week 10 (11/3) 8 Utah 8 1 Pac-12
74%
Week 11 (11/10) 8 Utah 8 1 Pac-12
74%
Week 12 (11/17) 7 Utah 9 1 Pac-12
74%
Week 13 (11/24) 6 Utah 10 1 Pac-12
74%
Week 14 (12/1) 5 Utah 11 1 Pac-12
74%
Week 15 (12/8) 12 Utah 11 2 Pac-12
74%
Postseason 16 Utah 11 3 Pac-12
74%
Week 5 (9/29) 21 Oklahoma State 4 1 Big 12
68%
Week 11 (11/10) 25 Oklahoma State 6 3 Big 12
68%
Week 12 (11/17) 22 Oklahoma State 7 3 Big 12
68%
Week 13 (11/24) 21 Oklahoma State 8 3 Big 12
68%
Week 15 (12/8) 25 Oklahoma State 8 4 Big 12
68%
Week 7 (10/13) 20 Minnesota 6 0 Big Ten
65%
Week 8 (10/20) 17 Minnesota 7 0 Big Ten
65%
Week 9 (10/27) 13 Minnesota 8 0 Big Ten
65%
Week 10 (11/3) 13 Minnesota 8 0 Big Ten
65%
Week 11 (11/10) 7 Minnesota 9 0 Big Ten
65%
Week 12 (11/17) 11 Minnesota 9 1 Big Ten
65%
Week 13 (11/24) 9 Minnesota 10 1 Big Ten
65%
Week 14 (12/1) 15 Minnesota 10 2 Big Ten
65%
Week 15 (12/8) 16 Minnesota 10 2 Big Ten
65%
Postseason 10 Minnesota 11 2 Big Ten
65%
Week 6 (10/6) 22 Baylor 5 0 Big 12
64%
Week 7 (10/13) 18 Baylor 6 0 Big 12
64%
Week 8 (10/20) 14 Baylor 7 0 Big 12
64%
Week 9 (10/27) 12 Baylor 7 0 Big 12
64%
Week 10 (11/3) 11 Baylor 8 0 Big 12
64%
Week 11 (11/10) 12 Baylor 9 0 Big 12
64%
Week 12 (11/17) 13 Baylor 9 1 Big 12
64%
Week 13 (11/24) 11 Baylor 10 1 Big 12
64%
Week 14 (12/1) 8 Baylor 11 1 Big 12
64%
Week 15 (12/8) 8 Baylor 11 2 Big 12
64%
Postseason 13 Baylor 11 3 Big 12
64%
Preseason 21 Iowa State 0 0 Big 12
61%
Week 1 (9/3) 25 Iowa State 1 0 Big 12
61%
Week 8 (10/20) 23 Iowa State 5 2 Big 12
61%
Preseason 23 Washington State 0 0 Pac-12
61%
Week 1 (9/3) 22 Washington State 1 0 Pac-12
61%
Week 2 (9/8) 20 Washington State 2 0 Pac-12
61%
Week 3 (9/15) 19 Washington State 3 0 Pac-12
61%
Week 1 (9/3) 24 Boise State 1 0 Mountain West
58%
Week 2 (9/8) 22 Boise State 2 0 Mountain West
58%
Week 3 (9/15) 20 Boise State 3 0 Mountain West
58%
Week 4 (9/22) 16 Boise State 4 0 Mountain West
58%
Week 5 (9/29) 16 Boise State 4 0 Mountain West
58%
Week 6 (10/6) 14 Boise State 5 0 Mountain West
58%
Week 7 (10/13) 14 Boise State 6 0 Mountain West
58%
Week 8 (10/20) 22 Boise State 6 1 Mountain West
58%
Week 9 (10/27) 21 Boise State 6 1 Mountain West
58%
Week 10 (11/3) 21 Boise State 7 1 Mountain West
58%
Week 11 (11/10) 19 Boise State 8 1 Mountain West
58%
Week 12 (11/17) 20 Boise State 9 1 Mountain West
58%
Week 13 (11/24) 20 Boise State 10 1 Mountain West
58%
Week 14 (12/1) 19 Boise State 11 1 Mountain West
58%
Week 15 (12/8) 18 Boise State 12 1 Mountain West
58%
Postseason 23 Boise State 12 2 Mountain West
58%
Week 3 (9/15) 25 TCU 2 0 Big 12
58%
Preseason 17 UCF 0 0 American
58%
Week 1 (9/3) 18 UCF 1 0 American
58%
Week 2 (9/8) 17 UCF 2 0 American
58%
Week 3 (9/15) 15 UCF 3 0 American
58%
Week 4 (9/22) 22 UCF 3 1 American
58%
Week 5 (9/29) 18 UCF 4 1 American
58%
Postseason 24 UCF 10 3 American
58%
Week 3 (9/15) 24 Arizona State 3 0 Pac-12
55%
Week 5 (9/29) 20 Arizona State 4 1 Pac-12
55%
Week 6 (10/6) 18 Arizona State 4 1 Pac-12
55%
Week 7 (10/13) 17 Arizona State 5 1 Pac-12
55%
Week 8 (10/20) 24 Arizona State 5 2 Pac-12
55%
Preseason 24 Nebraska 0 0 Big Ten
55%
Week 1 (9/3) 25 Nebraska 1 0 Big Ten
55%
Week 3 (9/15) 23 California 3 0 Pac-12
53%
Week 4 (9/22) 15 California 4 0 Pac-12
53%
Week 4 (9/22) 24 Kansas State 3 0 Big 12
50%
Week 9 (10/27) 22 Kansas State 5 2 Big 12
50%
Week 10 (11/3) 20 Kansas State 6 2 Big 12
50%
Preseason 25 Stanford 0 0 Pac-12
50%
Week 1 (9/3) 23 Stanford 1 0 Pac-12
50%
Week 6 (10/6) 25 Cincinnati 4 1 American
48%
Week 7 (10/13) 21 Cincinnati 5 1 American
48%
Week 8 (10/20) 18 Cincinnati 6 1 American
48%
Week 9 (10/27) 17 Cincinnati 6 1 American
48%
Week 10 (11/3) 17 Cincinnati 7 1 American
48%
Week 11 (11/10) 17 Cincinnati 8 1 American
48%
Week 12 (11/17) 17 Cincinnati 9 1 American
48%
Week 13 (11/24) 18 Cincinnati 10 1 American
48%
Week 14 (12/1) 21 Cincinnati 10 2 American
48%
Week 15 (12/8) 23 Cincinnati 10 3 American
48%
Postseason 21 Cincinnati 11 3 American
48%
Week 2 (9/8) 25 Virginia 2 0 ACC
47%
Week 3 (9/15) 21 Virginia 3 0 ACC
47%
Week 4 (9/22) 18 Virginia 4 0 ACC
47%
Week 5 (9/29) 23 Virginia 4 1 ACC
47%
Week 6 (10/6) 20 Virginia 4 1 ACC
47%
Week 14 (12/1) 22 Virginia 9 3 ACC
47%
Week 12 (11/17) 25 Virginia Tech 7 3 ACC
44%
Week 13 (11/24) 23 Virginia Tech 8 3 ACC
44%
Week 11 (11/10) 24 Indiana 7 2 Big Ten
42%
Week 6 (10/6) 23 Memphis 5 0 American
41%
Week 9 (10/27) 24 Memphis 7 1 American
41%
Week 10 (11/3) 19 Memphis 8 1 American
41%
Week 11 (11/10) 18 Memphis 8 1 American
41%
Week 12 (11/17) 18 Memphis 9 1 American
41%
Week 13 (11/24) 17 Memphis 10 1 American
41%
Week 14 (12/1) 16 Memphis 11 1 American
41%
Week 15 (12/8) 15 Memphis 12 1 American
41%
Postseason 17 Memphis 12 2 American
41%
Preseason 22 Syracuse 0 0 ACC
39%
Week 1 (9/3) 21 Syracuse 1 0 ACC
39%
Week 2 (9/8) 21 Maryland 2 0 Big Ten
36%
Week 7 (10/13) 22 Missouri 5 1 SEC
36%
Week 10 (11/3) 25 Navy 7 1 American
36%
Week 11 (11/10) 21 Navy 7 1 American
36%
Week 13 (11/24) 24 Navy 8 2 American
36%
Week 14 (12/1) 23 Navy 9 2 American
36%
Week 15 (12/8) 21 Navy 9 2 American
36%
Postseason 20 Navy 11 2 American
36%
Week 5 (9/29) 22 Wake Forest 5 0 ACC
33%
Week 6 (10/6) 19 Wake Forest 5 0 ACC
33%
Week 8 (10/20) 25 Wake Forest 6 1 ACC
33%
Week 9 (10/27) 23 Wake Forest 6 1 ACC
33%
Week 10 (11/3) 22 Wake Forest 7 1 ACC
33%
Week 14 (12/1) 25 Air Force 10 2 Mountain West
27%
Week 15 (12/8) 24 Air Force 10 2 Mountain West
27%
Postseason 22 Air Force 11 2 Mountain West
27%
Week 9 (10/27) 25 San Diego State 7 1 Mountain West
27%
Week 10 (11/3) 24 San Diego State 7 1 Mountain West
27%
Week 5 (9/29) 24 SMU 5 0 American
27%
Week 6 (10/6) 21 SMU 6 0 American
27%
Week 7 (10/13) 19 SMU 6 0 American
27%
Week 8 (10/20) 16 SMU 7 0 American
27%
Week 9 (10/27) 15 SMU 8 0 American
27%
Week 10 (11/3) 23 SMU 8 1 American
27%
Week 11 (11/10) 20 SMU 9 1 American
27%
Week 12 (11/17) 21 SMU 9 1 American
27%
Week 7 (10/13) 24 Appalachian State 5 0 Sun Belt
20%
Week 8 (10/20) 21 Appalachian State 6 0 Sun Belt
20%
Week 9 (10/27) 20 Appalachian State 7 0 Sun Belt
20%
Week 12 (11/17) 23 Appalachian State 9 1 Sun Belt
20%
Week 13 (11/24) 22 Appalachian State 10 1 Sun Belt
20%
Week 14 (12/1) 20 Appalachian State 11 1 Sun Belt
20%
Week 15 (12/8) 20 Appalachian State 12 1 Sun Belt
20%
Postseason 19 Appalachian State 13 1 Sun Belt
20%
No matching quizzes found
Score Distribution
Percent of People with Each Score
Percentile by Number Answered
Your Score History
You have not taken this quiz